5PL nový trend v logistike

Vývoj logistických služieb od 1PL po 5PL. Definície logistických služieb. Nový trend v logistike - 5PL.

Gespeichert in:
Bibliographische Detailangaben
1. Verfasser: Abrmanová, Petra
Weitere Verfasser: Boorová, Brigita, 1979-
Format: Buchkapitel
Sprache:Slowakisch
Schlagworte:
Tags: Tag hinzufügen
Keine Tags, Fügen Sie das erste Tag hinzu!

MARC

LEADER 00000nla$a2200000$$$4500
001 0145787
005 20240502072631.2
041 0 |a slo 
044 |a SK 
245 1 0 |a 5PL nový trend v logistike  |c Petra Abrmanová, Brigita Boorová 
520 |a Vývoj logistických služieb od 1PL po 5PL. Definície logistických služieb. Nový trend v logistike - 5PL. 
610 2 0 |a logistika 
610 2 0 |a služby logistické 
610 2 0 |a definície 
100 1 |a Abrmanová, Petra 
700 1 |a Boorová, Brigita, 1979-